Discipline and Other Sermons (Record no. 236362)
[ view plain ]
| 000 -LEADER | |
|---|---|
| fixed length control field | 01186cam a22002533a 4500 |
| 001 - CONTROL NUMBER | |
| control field | 7042 |
| 003 - CONTROL NUMBER IDENTIFIER | |
| control field | PGUSA |
| 005 - DATE AND TIME OF LATEST TRANSACTION | |
| control field | 20140828083140.0 |
| 008 - FIXED-LENGTH DATA ELEMENTS--GENERAL INFORMATION | |
| fixed length control field | 041201s2004||||xxu|||||s|||||000 | eng d |
| 040 ## - CATALOGING SOURCE | |
| Original cataloging agency | PGUSA |
| Language of cataloging | eng |
| 042 ## - AUTHENTICATION CODE | |
| Authentication code | dc |
| 050 #4 - LIBRARY OF CONGRESS CALL NUMBER | |
| Classification number | BX |
| 100 1# - MAIN ENTRY--PERSONAL NAME | |
| Personal name | Kingsley, Charles, |
| Dates associated with a name | 1819-1875 |
| 245 10 - TITLE STATEMENT | |
| Title | Discipline and Other Sermons |
| Medium | [electronic resource] / |
| Statement of responsibility, etc | Charles Kingsley |
| 260 ## - PUBLICATION, DISTRIBUTION, ETC. (IMPRINT) | |
| Name of publisher, distributor, etc | Project Gutenberg, |
| Date of publication, distribution, etc | 2004 |
| 505 0# - FORMATTED CONTENTS NOTE | |
| Formatted contents note | Discipline -- The temple of wisdom -- Prayer and science -- God's training -- Good Friday -- False civilization -- The name of God -- The end of religion -- The humanity of God -- God's world -- The armour of God -- Paul and Felix -- The good Samaritan -- Consider the lilies of the field -- The Jewish rebellions -- Terror by night -- The Son of Thunder -- Humility -- A Whitsun sermon -- Self-help -- Endurance -- Toleration -- The kingdom of Christ -- The likeness of God. |
| 506 ## - RESTRICTIONS ON ACCESS NOTE | |
| Terms governing access | Public domain in the USA. |
| 516 ## - TYPE OF COMPUTER FILE OR DATA NOTE | |
| Type of computer file or data note | Electronic text |
| 653 ## - INDEX TERM--UNCONTROLLED | |
| Uncontrolled term | Church of England -- Sermons |
| 653 ## - INDEX TERM--UNCONTROLLED | |
| Uncontrolled term | Sermons, English -- 19th century |
| 830 #0 - SERIES ADDED ENTRY--UNIFORM TITLE | |
| Uniform title | Project Gutenberg |
| Volume number/sequential designation | 7042 |
| 856 40 - ELECTRONIC LOCATION AND ACCESS | |
| Uniform Resource Identifier | <a href="http://www.gutenberg.org/ebooks/7042">http://www.gutenberg.org/ebooks/7042</a> |
| 942 ## - ADDED ENTRY ELEMENTS (KOHA) | |
| Koha item type | eBooks |
| Withdrawn status | Lost status | Damaged status | Home library | Current library | Date acquired | Total Checkouts | Date last seen | Price effective from | Koha item type |
|---|---|---|---|---|---|---|---|---|---|
| Project Gutenberg | Project Gutenberg | 08/28/2014 | 08/28/2014 | 08/28/2014 | eBooks |